| 000 | 00439nam a2200157 a 4500 | ||
|---|---|---|---|
| 005 | 20140412111311.0 | ||
| 008 | 030416s19uu xx 00 eng d | ||
| 020 | _a0-590-40400-8 | ||
| 050 |
_aER _bHu86 1944 |
||
| 100 | _aEstes, Eleanor | ||
| 245 |
_aThe hundred dresses / _cby Eleanor Estes ; illustrated by Louis Slobodkin. |
||
| 260 |
_aNew York : _bScholastic Inc. |
||
| 300 | _a78 p. ; ill. | ||
| 650 | _aFiction | ||
| 999 |
_c104008 _d104008 |
||